<?xml version="1.0" encoding="UTF-8"?>
<marc:record xmlns:marc="http://www.loc.gov/MARC21/slim">
   <marc:leader>00000nam a2200000 a 4500</marc:leader>
   <marc:datafield ind1="1" ind2=" " tag="100">
      <marc:subfield code="a">Nöllke, Matthias</marc:subfield>
      <marc:subfield code="4">aut</marc:subfield>
      <marc:subfield code="e">Verfasser/-in</marc:subfield>
   </marc:datafield>
   <marc:datafield ind1=" " ind2=" " tag="653">
      <marc:subfield code="a">Schlagfertigkeit</marc:subfield>
   </marc:datafield>
   <marc:datafield ind1=" " ind2=" " tag="653">
      <marc:subfield code="a">Softcover / Sachbücher/Angewandte Psychologie</marc:subfield>
   </marc:datafield>
   <marc:datafield ind1=" " ind2=" " tag="653">
      <marc:subfield code="a">Ratgeber</marc:subfield>
   </marc:datafield>
   <marc:datafield ind1="0" ind2="0" tag="245">
      <marc:subfield code="a">Schlagfertigkeit</marc:subfield>
   </marc:datafield>
   <marc:datafield ind1="0" ind2="0" tag="245">
      <marc:subfield code="c">Matthias Nöllke</marc:subfield>
   </marc:datafield>
   <marc:datafield ind1=" " ind2="1" tag="264">
      <marc:subfield code="a">Freiburg, Br.</marc:subfield>
      <marc:subfield code="b">Haufe-Mediengruppe</marc:subfield>
      <marc:subfield code="c">2009</marc:subfield>
   </marc:datafield>
   <marc:datafield ind1=" " ind2=" " tag="250">
      <marc:subfield code="a">2. Aufl.</marc:subfield>
   </marc:datafield>
   <marc:datafield ind1="1" ind2=" " tag="520">
      <marc:subfield code="a">Angaben aus der Verlagsmeldung

Schlagfertigkeit : Das Trainingsbuch / von Matthias Nöllke

Hätte ich doch bloß gesagt, ..." - wer kennt dieses Gefühl nicht? Doch Schlagfertigkeit kann man üben und ausbauen. Wenn Sie beruflich und privat schnell antworten müssen, lernen Sie hier, wie es geht. Ein Trainingsbuch voller Tipps und Beispiele zum Üben.
Eine Diskussion, ein Streitgespräch, eine Bemerkung von der schnippischen Kollegin, es gibt tausend Situationen, in denen man eine schlagfertige Antwort gebraucht hätte. Meistens fällt einem diese Antwort fünf Minuten später ein. Aber: Schlagfertigkeit lässt sich trainieren, sagt Autor Matthias Nöllke.
INHALTE
- Viele Tipps und Tricks: Psychologie, Situationsanalyse, Schlagfertigkeitstechniken und Sprachvermögen.
- Mit Tipps, tricks und Analysen: Wie sind Gesprächssituationen einzuschätzen, wie reagiert man auf aggressive Einwände, wie erweitert man seinen Wortschatz, wie kontert man unfaire Angriffe?
- Mit vielen Übungen und Beispielen.
</marc:subfield>
   </marc:datafield>
   <marc:datafield ind1=" " ind2=" " tag="020">
      <marc:subfield code="a">9783448095890</marc:subfield>
      <marc:subfield code="9">9783448095890</marc:subfield>
   </marc:datafield>
   <marc:datafield ind1=" " ind2=" " tag="041">
      <marc:subfield code="a">ger</marc:subfield>
   </marc:datafield>
   <marc:datafield ind1=" " ind2=" " tag="300">
      <marc:subfield code="a">229 S.</marc:subfield>
   </marc:datafield>
</marc:record>
